00767nam a22002175i 4500001000700000003000900007005001700016008004100033080001000074080001100084100002400095245014200119260004800261300004600309490004400355650002200399650003100421700003200452830004400484852002100528174260ES-MaACL20230906215457.0100318q1910 sp |||| | spa d a646.7 a613.991 aDrillard cCondesa.10aPara ser elegante, para ser bella / cpor la Condesa Drillard ; traducción de la 26ª edición francesa por Margarita Ruiz de Escolar. aBarcelona : bLucas Argilés, c[ca. 1910] a297, XIII p., [8] h. de lám. ; c22 cm.1 aBiblioteca práctica de la mujer ; v1 4aBelleza corporal. 4aMujeres-xSalud e higiene.1 aRuiz de Escolar, Margarita.1 aBiblioteca práctica de la mujer ; v14 aES-MaACLjG-8130